000 00589cam a2200253 i 4500
001 0000439
003 DO-SdBNP
005 20160623144033.0
007 0000439
008 100514s1984 xxu | |||| 000 f spa
015 _a
017 _a
_b
020 _a0380871556
035 _a
040 _aBPMSU
_bspa
_cBPMSU
_e
080 _a
100 1 _aLindsey, Johanna
245 1 0 _aA gentle feuding /
_h
_cJohanna Lindsey
250 _a3a. ed.
260 _aNew York :
_bAvon books,
_c1984.
300 _a329 p.:
_c18 cm
942 _2ddc
_cBK
956 _aYLOCKWARD
_810
_cBPMSU
999 _c10555
_d10555